Datos que deberán contener los Proyectos de Urbanización para ser sometidos a la consideración de esta Comisión / Comisión Superior de Ordenación Provincial de Barcelona
Descripción Física:
1 f. ; 231 cm
MARC
| LEADER | 00000nam a2200000Ia 4500 | ||
|---|---|---|---|
| 001 | 22639 | ||
| 008 | 160829s1948 xx 000 0 cat d | ||
| 080 | |a FU-57-27 | ||
| 110 | 1 | |a Barcelona (Catalunya : Província). |b Comissió Superior d'Ordenació Provincial |9 54712 | |
| 245 | |a Datos que deberán contener los Proyectos de Urbanización para ser sometidos a la consideración de esta Comisión / Comisión Superior de Ordenación Provincial de Barcelona | ||
| 260 | |a Barcelona : |b [s.n.], |c 1948 | ||
| 300 | |a 1 f. ; |c 231 cm | ||
| 590 | |a Prové de R-491, exp. 5 | ||
| 650 | |a Urbanització |x Barcelona (Província) |x Normes |9 47185 | ||
| 856 | 4 | |u https://media.diba.cat/diba/fitxers/arxiu/fulletons/bib_22639_baixa.pdf |y Accés lliure | |
| 856 | 4 | |u https://media.diba.cat/diba/fitxers/arxiu/fulletons/bib_22639_baixa.pdf |y Accés lliure | |
| 901 | |a Arxiu | ||
| 942 | |n 1 |2 udc | ||
| 952 | |0 0 |1 0 |4 0 |6 FU5727 |7 1 |9 54059 |a Arxiu |b Arxiu |d 2016-12-01 |l 0 |o FU-57-27 |p 22639 |r 2016-12-01 00:00:00 |w 2016-12-01 |y ARXIU | ||
| 999 | |c 57927 |d 57927 | ||
| 900 | |a bib_22639_baixa.pdf | ||